1805 1563 1510 1946 1041 1376 1486 1838 1934 1243 1744 1772 1851 1207 1018 1826 1875 1360 1226 1201 1424 1964 1351 1526 1274 1546 1324 1474 1660 1158 1018 1502 1373 1277 1169 1868 1055 1503 1632 1691 1799 1925 1555 1297 1078 1894 1439 1990 1259 1412 1746 1021 1110 1208 1553 1649 1135 1475 1971 1906 1226 1146 1195 1477 1403 1883 1169 1951 1427 1022 1056 1333 1243 1883 1580 1263 1587 1472 1545 1236 1839 1096 1021 1287 1205 1430 1981 1454 1571 1439 1124 1958 1112 1494 1379 1606 1848 1225 1750 BCNSPRNW ULIB Ver.6.0+V

เปลี่ยนเป็นภาษาไทย

Change to English
 แสดงรายละเอียดบรรณานุกรม
  กลับหน้าหลัก

Brief Record : Get Marc (ISO 2709) : E-mail record : QR code < ปิดหน้าต่าง
LEADER : 00000nam 2200000uu 4500
001    13399125753
003     ULIB
008    170830s2558||||th 000 0 tha d
020    ^a9786165518901
060 04 ^aWC195^bอ745 2558
245 00 ^aInfections in immunocompromised hosts /^cบรรณาธิการ, กำพลสุวรรณพิมลกุล ... [และคนอื่นๆ]
250    ^aพิมพ์ครั้งที่ 1
260    ^aกรุงเทพฯ :^bสาขาวิชาโรคติดเชื้อ ภาควิชาอายุรศาสตร์ คณะแพทยศาสตร์จุฬาลงกรณ์มหาวิทยาลัย,^c2558
300    ^a467 หน้า :^bภาพประกอบ ;^c26 ซม.
504    ^aบรรณานุกรมและดัชนี
505 0  ^aHost defence mechanism ... Pneumonia in immunocompromised hosts ... Infections in Iong-term use of steroid and tumon necrosis factor inhibitor therapy ... Infection in cirrhotic patients ... Infections in chronic renal failure patients ... An update on infections in neutropenia ... Antifungal therapy in hematological patients ... Immunization in immunocompromised patients ... Infections in diabetic patients ... Mycobacterial infections in immunocompromised hosts ... Common opportunistic infections in HAART era ... How to prevent infectious complication after solid organ transplantations ... Infection prevention in hematopoietic stem cell transplantation
650  7 ^aการติดเชื้อ^xการรักษา
650  7 ^aการติดเชื้อ^xการวินิจฉัย
650  7 ^aภูมิคุ้มกันบกพร่อง
700 0  ^aกำพล สุวรรณพิมลกุล,^eบรรณาธิการ
710 2  ^aจุฬาลงกรณ์มหาวิทยาลัย.^bคณะแพทยศาสตร์.^bภาควิชาอายุรศาสตร์.^bสาขาวิชาโรคติดเชื้อ
945    ^p0^l0^i003054
945    ^p0^l0^i003055
999    ^aประนอม เกษจรัล
รายการนี้ยังไม่มีแท็ก
คุณยังไม่ได้ล็อกอิน คุณสามารถมีกิจกรรมร่วมกับเว็บไซต์ได้ แต่ต้องล็อกอินก่อน ::
  ล็อกอิน

รายการสื่อสารสนเทศ

ลำดับที่ ประเภท เลขเรียก/บาร์โค้ด สถานที่ สถานะ
1. วิทยาศาสตร์การแพทย์ และสุขภาพ
วิทยาศาสตร์การแพทย์ และสุขภาพ
สถานะ=หนังสือเก่า
WC195 อ745 2558 ฉ.1 
  Barcode: 003054
ห้องสมุดวิทยาเขตสวรรค์ประชารักษ์
►ส่วนจัดเก็บหนังสือเก่า สปร
บนชั้น
  ขอยืม
2. วิทยาศาสตร์การแพทย์ และสุขภาพ
วิทยาศาสตร์การแพทย์ และสุขภาพ
สถานะ=หนังสือเก่า
WC195 อ745 2558 ฉ.2 
  Barcode: 003055
ห้องสมุดวิทยาเขตสวรรค์ประชารักษ์
►ส่วนจัดเก็บหนังสือเก่า สปร
บนชั้น
  ขอยืม

รายการใกล้เคียง
    หัวเรื่อง [ภูมิคุ้มกันบกพร่อง]

BibComment


ยังไม่เคยถูกคอมเมนท์

คอมเมนท์ทรัพยากรรายการนี้
  คอมเมนท์: Infections in im..


 Copyright 2026. Bcnsprnw @Library